ARRUPE JESUIT UNIVERSITY

CORONAVIRUS -STOP THE SPREAD - CLEAN,DISINFECT,COVER

The myth of the holy cow / (Record no. 118090)

MARC details
000 -LEADER
fixed length control field 00901mam a2200289 a 4500
001 - CONTROL NUMBER
control field 3284247
003 - CONTROL NUMBER IDENTIFIER
control field ARRUPE
005 - DATE AND TIME OF LATEST TRANSACTION
control field 20130926133533.0
008 - FIXED-LENGTH DATA ELEMENTS--GENERAL INFORMATION
fixed length control field 020116s2002 enk b 001 0 eng
015 ## - NATIONAL BIBLIOGRAPHY NUMBER
National bibliography number GBA2-Z2727
020 ## - INTERNATIONAL STANDARD BOOK NUMBER
International Standard Book Number 1859846769
035 ## - SYSTEM CONTROL NUMBER
System control number (OCoLC)48834956
035 ## - SYSTEM CONTROL NUMBER
System control number (OCoLC)ocm48834956
035 ## - SYSTEM CONTROL NUMBER
System control number (NNC)3284247
040 ## - CATALOGING SOURCE
Original cataloging agency UKM
Transcribing agency UKM
Modifying agency NjP
-- NNC
050 ## - LIBRARY OF CONGRESS CALL NUMBER
Classification number DS480.853
Item number .J55 2002
300 ## - PHYSICAL DESCRIPTION
Dimensions 23 cm.
100 1# - MAIN ENTRY--PERSONAL NAME
Personal name Jha, D. N.
Fuller form of name (Dwijendra Narayan),
Dates associated with a name 1940-
9 (RLIN) 1432
245 14 - TITLE STATEMENT
Title The myth of the holy cow /
Statement of responsibility, etc D.N. Jha.
260 ## - PUBLICATION, DISTRIBUTION, ETC. (IMPRINT)
Place of publication, distribution, etc London ;
-- New York :
Name of publisher, distributor, etc Verso,
Date of publication, distribution, etc 2002.
300 ## - PHYSICAL DESCRIPTION
Extent xii, 183 p. ;
504 ## - BIBLIOGRAPHY, ETC. NOTE
Bibliography, etc Includes bibliographical references (p. [149]-172) and index.
610 20 - SUBJECT ADDED ENTRY--CORPORATE NAME
Corporate name or jurisdiction name as entry element Bharatiya Janata Party.
9 (RLIN) 1433
650 #0 - SUBJECT ADDED ENTRY--TOPICAL TERM
Topical term or geographic name as entry element Cattle
General subdivision Religious aspects
-- Hinduism.
9 (RLIN) 1434
651 #0 - SUBJECT ADDED ENTRY--GEOGRAPHIC NAME
Geographic name India
General subdivision Politics and government
Chronological subdivision 1977-
9 (RLIN) 1435
942 ## - ADDED ENTRY ELEMENTS (KOHA)
Source of classification or shelving scheme Library of Congress Classification
Koha item type Monograph ( Printed materials)
Holdings
Withdrawn status Lost status Source of classification or shelving scheme Damaged status Not for loan Home library Current library Shelving location Date acquired Total Checkouts Full call number Barcode Date last seen Price effective from Koha item type
    Library of Congress Classification     ARRUPE LIBRARY ARRUPE LIBRARY Main Collection 26/09/2013   DS480.853 .J55 2002 46410074 04/12/2017 26/09/2013 Monograph ( Printed materials)

 

Arrupe Library. PO Box MP320 Mt Pleasant, Harare, Zimbabwe
263 242 745411|librarian@aju.ac.zw